El señor de los anillos

Saved in:
Bibliografiske detaljer
Hovedforfatter: Tolkien, J. R. R (Author)
Format: Bog
Sprog:spansk
Udgivet: Santiago Editorial Planeta Chilena 2013
Udgivelse:2a. ed
Serier:Minotauro
Fag:
Tags: Tilføj Tag
Ingen Tags, Vær først til at tagge denne postø!

MARC

LEADER 00000cam a2200000 a 4500
001 UCD6360
003 CL-VaPUC
008 161201e20130500cl |||||||||||||||||spa|d
020 |a 9789562477062 
082 0 4 |a 823  |b TOL  |2 21 
100 0 |a Tolkien, J. R. R  |e author  |9 554717 
245 1 3 |a El señor de los anillos 
250 |a 2a. ed 
300 |a 3 v 
942 |c BK 
945 |d 20161201 17:35:00  |a arojas 
260 |a Santiago  |b Editorial Planeta Chilena  |c 2013 
500 |a v.1: La comunidad del anillo 
650 0 |a Novelas inglesas  |9 265220 
650 0 |a Literatura inglesa  |9 312907 
650 0 |a Ficción   |9 376687 
583 |a last modification  |c 20161201 17:35:00  |k Rodrigo Vera 
490 0 |a Minotauro 
999 |c 366713  |d 366711